[Event "Matola zt 4.3 (Women)"]
[Site "Matola"]
[Date "2018.04.10"]
[Round "4.7"]
[White "Sitoe, Sheila"]
[Black "Mudongo, Boikhutso"]
[Result "0-1"]
[WhiteElo "1325"]
[BlackElo "1744"]
[PlyCount "47"]
[EventDate "2018.04.08"]
[EventType "swiss"]
[EventRounds "9"]
[EventCountry "MOZ"]
[SourceTitle "EXT 2024"]
[Source "ChessBase"]
[SourceDate "2023.10.10"]
[SourceVersion "1"]
[SourceVersionDate "2023.10.10"]
[SourceQuality "1"]

1. d4 d5 2. Nf3 e6 3. Bf4 Nf6 4. e3 Be7 5. Bd3 Nbd7 6. c3 0-0 7. 0-0 Nh5 8. Ne5 Nxf4 9. exf4 Nf6 10. Qf3 c5 11. Nd2 cxd4 12. cxd4 Qb6 13. Nb3 a5 14. Ng4 Nxg4 15. Qxg4 a4 16. Nc5 Qxb2 17. Qh3 g6 18. Qe3 Qb6 19. Rab1 Qa7 20. Bc2 a3 21. Rb4 b6 22. Ra4 Qb8 23. Rxa8 Qxa8 24. Nb3 0-1

[Event "Matola zt 4.3 (Women)"]
[Site "Matola"]
[Date "2018.04.09"]
[Round "3.8"]
[White "Lubuuto, Bwalya Mulwale"]
[Black "Sitoe, Sheila"]
[Result "1-0"]
[WhiteElo "1630"]
[BlackElo "1325"]
[PlyCount "33"]
[EventDate "2018.04.08"]
[EventType "swiss"]
[EventRounds "9"]
[EventCountry "MOZ"]
[SourceTitle "EXT 2024"]
[Source "ChessBase"]
[SourceDate "2023.10.10"]
[SourceVersion "1"]
[SourceVersionDate "2023.10.10"]
[SourceQuality "1"]

1. d4 b6 2. c4 Bb7 3. Nc3 Nf6 4. Bf4 d6 5. e3 h6 6. Nf3 e6 7. Be2 Be7 8. h3 0-0 9. Qc2 Nh5 10. Bh2 c5 11. dxc5 dxc5 12. Rd1 Qc8 13. 0-0 Nc6 14. a3 Bf6 15. g4 Bxc3 16. Qxc3 Nf4 17. Bxf4 1-0